<?xml version="1.0" encoding="UTF-8"?>
<record
    xmlns:xsi="http://www.w3.org/2001/XMLSchema-instance"
    xsi:schemaLocation="http://www.loc.gov/MARC21/slim http://www.loc.gov/standards/marcxml/schema/MARC21slim.xsd"
    xmlns="http://www.loc.gov/MARC21/slim">

  <leader>00649cam a22002411  4500</leader>
  <controlfield tag="001">sa 68003210 </controlfield>
  <controlfield tag="003">DLC</controlfield>
  <controlfield tag="005">20260227112450.0</controlfield>
  <controlfield tag="008">940907s1966    ii            000 0 orio </controlfield>
  <datafield tag="010" ind1=" " ind2=" ">
    <subfield code="a">sa 68003210 </subfield>
  </datafield>
  <datafield tag="025" ind1=" " ind2=" ">
    <subfield code="a">PL480:I-O-758</subfield>
  </datafield>
  <datafield tag="035" ind1=" " ind2=" ">
    <subfield code="a">(OCoLC)31063542</subfield>
  </datafield>
  <datafield tag="040" ind1=" " ind2=" ">
    <subfield code="a">DLC</subfield>
    <subfield code="c">CU</subfield>
    <subfield code="d">CU</subfield>
    <subfield code="d">DLC</subfield>
  </datafield>
  <datafield tag="042" ind1=" " ind2=" ">
    <subfield code="a">premarc</subfield>
  </datafield>
  <datafield tag="050" ind1="0" ind2="0">
    <subfield code="a">PK2579.P38</subfield>
    <subfield code="b">A85</subfield>
  </datafield>
  <datafield tag="100" ind1="1" ind2=" ">
    <subfield code="a">Mahanti, Debendra.</subfield>
  </datafield>
  <datafield tag="245" ind1="1" ind2="0">
    <subfield code="a">Ama&#x1E0D;&#x101;b&#x101;&#x1E6D;ara sr&#x325;sh&#x1E6D;i-sam&#x12B;ksh&#x101;.</subfield>
  </datafield>
  <datafield tag="260" ind1=" " ind2=" ">
    <subfield code="c">[1966]</subfield>
  </datafield>
  <datafield tag="300" ind1=" " ind2=" ">
    <subfield code="a">60 p.</subfield>
    <subfield code="c">18 cm.</subfield>
  </datafield>
  <datafield tag="500" ind1=" " ind2=" ">
    <subfield code="a">In Oriya.</subfield>
  </datafield>
  <datafield tag="600" ind1="1" ind2="0">
    <subfield code="a">Pattnaik, Basanta Kumari.</subfield>
    <subfield code="t">Ama&#x1E0D;&#x101;b&#x101;&#x1E6D;a.</subfield>
  </datafield>
  <datafield tag="700" ind1="1" ind2=" ">
    <subfield code="a">Pattnaik, Basanta Kumari.</subfield>
    <subfield code="t">Ama&#x1E0D;&#x101;b&#x101;&#x1E6D;a.</subfield>
  </datafield>
  <datafield tag="999" ind1=" " ind2=" ">
    <subfield code="c">79312</subfield>
    <subfield code="d">79312</subfield>
  </datafield>
</record>
